| 000 | 00609nam a2200193 a 4500 | ||
|---|---|---|---|
| 003 | MX-MxUPN | ||
| 005 | 20250627063843.0 | ||
| 008 | 250626s2007 fr o||||r|||| 000 0 eng d | ||
| 040 |
_aMX-MxUPN _bspa _cMX-MxUPN |
||
| 041 | 0 | _aeng | |
| 050 | 1 | 4 |
_aCC135 _bC374 2007 |
| 245 | 0 | 0 | _aCase studies on climate change and world heritage |
| 260 |
_aParis : _bUnited Nations Educational, Scientific and Cultural Organization, _c2007. |
||
| 300 |
_a79 páginas : _bfotografías |
||
| 650 | 4 |
_aPatrimonio cultural _919284 |
|
| 650 | 4 |
_aCambios climáticos _97640 |
|
| 902 | _aVíctor Ruiz/260625 | ||
| 942 |
_2lcc _cLIBRO |
||
| 999 |
_c213596 _d213596 |
||